Taylor Swift - Les Chansons traduites en français #4 - Statistiques

Statistiques générales
  • Ce quiz a été pris 1 433 fois
    3 depuis la dernière actualisation
  • Le résultat moyen est 19 sur 20
Statistiques - réponses
Traduction Chansons % Correct
Mauvais sang Bad Blood
100%
Appelle le comme tu veux Call It What You Want
100%
Problèmes de champagne champagne problems
100%
Fermeture/Proximité closure
100%
Figure paternelle Father Figure
100%
Canular hoax
100%
Si c'était un film If This Was a Movie
100%
Je ne suis moi-même qu'avec toi I'm Only Me When I'm With You
100%
Garçon de Londres London Boy
100%
Moi ! ME!
100%
Question Question...?
100%
Au revoir, Londres So Long, London
100%
Lumière des étoiles Starlight
100%
État de grâce State of Grace
100%
L’albatros The Albatross
100%
Lié ensemble avec un sourire Tied Together With A Smile
100%
Intouchable Untouchable
100%
J'aurais, j'aurais pu, j'aurai dû Would've Could've Should've
100%
Magnifique Gorgeous
50%
Rémanence Afterglow
0%
Aucun quiz correspondant
Distribution des résultats
% des personnes avec chaque résultat
Percentile par nombre de réponses
Votre historique - résultats
Vous n’avez pas pris ce quiz depuis la dernière actualisation